000 00359 a2200157 4500
001 194217
020 _a978-85-62549-84-7
040 _cMagnum
100 _aBarreto, Antonio
240 1 0 _aSapopralá patopracá
_lpor
245 1 0 _aSapopralá patopracá
300 _a32
362 0 _a2015
697 _aLÍNGUA - LINGÜÍSTICA - LITERATURA
942 _cBK
999 _c194217
_d194217